000 00724nam a2200277Ia 4500
001 Z_428
003 CHAP
008 220113s1998 xx 000 0 und d
010 _a163404
040 _cCHAP
090 _aFolleto 704
100 _aDíaz Pulido, Celina Iraís
_933607
245 _aLas gramíneas (Poaceae) forrajeras del municipio de Tepoztlán estado de Morelos /
_cpor Celina Iraís Díaz Pulido
260 _aMéxico, D. F. :
_bUAM-Xochimilco,
_c1998
300 _a46 p.
440 _aFolleto num. 26
_9137625
500 _a
503 _a
650 _aGramíneas
_xMorelos
_9137626
901 _aFolleto 704
902 _aA
910 _a1998
942 _cc14
942 _cc14
999 _c163404
_d163404